Famous Landmarks Quiz - Statistics

General Stats
  • This quiz has been taken 62 times
  • The average score is 13 of 16
Answer Stats
Picture Answer % Correct
eiffel tower
100%
big ben
98%
statue of liberty
98%
sydney opera house
94%
leaning tower of pisa
92%
taj mahal
92%
the great wall of china
92%
golden gate bridge
90%
christ the redeemer
86%
London eye
86%
pyramids
86%
the louvre
75%
Machu Picchu
73%
Arc de triomphe
69%
sagrada familia
49%
angel of the north
45%
No matching quizzes found
Score Distribution
Percent of People with Each Score
Percentile by Number Answered
Your Score History
You have not taken this quiz